[Event "FSIM December 2012"]
[Site "Budapest HUN"]
[Date "2012.12.04"]
[Round "3.5"]
[White "Kahn,E"]
[Black "Kislik,E"]
[Result "1/2-1/2"]
[WhiteTitle "IM"]
[BlackTitle "IM"]
[WhiteElo "2255"]
[BlackElo "2361"]
[WhiteFideId "703257"]
[BlackFideId "2022702"]
[EventDate "2012.12.01"]

1. d4 d5 2. c4 c6 3. cxd5 cxd5 4. Nf3 Nf6 5. Nc3 Nc6 6. Bf4 Bf5 7. e3 e6 8. a3
Bd6 9. Bxd6 Qxd6 10. Bd3 Bxd3 11. Qxd3 O-O 12. O-O Rfc8 1/2-1/2

[Event "FSIM December 2012"]
[Site "Budapest HUN"]
[Date "2012.12.05"]
[Round "4.2"]
[White "Szalanczy,E"]
[Black "Kahn,E"]
[Result "1/2-1/2"]
[WhiteTitle "IM"]
[BlackTitle "IM"]
[WhiteElo "2259"]
[BlackElo "2255"]
[WhiteFideId "700347"]
[BlackFideId "703257"]
[EventDate "2012.12.01"]

1. e4 c5 2. Nf3 d6 3. d4 cxd4 4. Nxd4 Nf6 5. Nc3 g6 6. Be3 Bg7 7. f3 O-O 8. Qd2
Nc6 9. Bc4 Bd7 10. O-O-O Ne5 11. Bb3 Qa5 12. Kb1 Rfc8 13. Nd5 Qxd2 14. Nxf6+
Bxf6 15. Rxd2 Nc4 16. Bxc4 Rxc4 17. Nb3 Kg7 18. Bd4 Bxd4 19. Rxd4 Rxd4 20. Nxd4 1/2-1/2

[Event "FSIM December 2012"]
[Site "Budapest HUN"]
[Date "2012.12.05"]
[Round "4.3"]
[White "Kantor,G"]
[Black "Grimm,D"]
[Result "0-1"]
[WhiteTitle "FM"]
[WhiteElo "2306"]
[BlackElo "2198"]
[WhiteFideId "751499"]
[BlackFideId "740080"]
[EventDate "2012.12.01"]

1. d4 d5 2. c4 c6 3. Nf3 Nf6 4. Nc3 dxc4 5. a4 e6 6. e4 Bb4 7. e5 Nd5 8. Bd2 b5
9. axb5 Bxc3 10. bxc3 cxb5 11. Ng5 Nc6 12. h4 Qe7 13. Qg4 f5 14. Qg3 O-O 15. Be2
Bb7 16. h5 f4 17. Qg4 b4 18. Bxc4 bxc3 19. Bc1 Nxd4 20. O-O Rf5 21. Nh3 Qc5 22.
Bd3 f3 23. Ba3 Nb4 24. g3 a5 25. Bxf5 exf5 26. Qg5 h6 27. Bxb4 Ne2+ 28. Kh2 axb4
29. Rxa8+ Bxa8 30. Qxf5 Nd4 31. Qd7 Bc6 32. Qc8+ Kh7 33. e6 Qe7 34. Nf4 Qe8 35.
Qc7 Nxe6 36. Nxe6 Qxe6 37. Qf4 b3 38. Qd4 c2 39. Qd3+ Be4 40. Qe3 b2 0-1

[Event "FSIM December 2012"]
[Site "Budapest HUN"]
[Date "2012.12.05"]
[Round "4.4"]
[White "Boguszlavszkij,J"]
[Black "Hou,Qiang"]
[Result "0-1"]
[WhiteTitle "IM"]
[BlackTitle "FM"]
[WhiteElo "2208"]
[BlackElo "2345"]
[WhiteFideId "700614"]
[BlackFideId "8601224"]
[EventDate "2012.12.01"]

1. g3 Nf6 2. Bg2 g6 3. e4 d6 4. d4 Bg7 5. c3 O-O 6. f4 e5 7. fxe5 dxe5 8. d5 c6
9. c4 b5 10. c5 Na6 11. Be3 cxd5 12. exd5 Nb4 13. d6 Bf5 14. Na3 Ng4 15. Qd2
Nd3+ 16. Ke2 e4 17. Rb1 Nxe3 18. Qxe3 Bxb2 19. Rxb2 Nxb2 20. Nh3 b4 21. Nc2 Qa5
22. Nf2 Qa6+ 23. Ke1 Qxa2 24. Nd4 Nc4 25. Qc1 e3 26. Rf1 Rae8 27. Nd1 e2 28.
Nxf5 exd1=Q+ 0-1

[Event "FSIM December 2012"]
[Site "Budapest HUN"]
[Date "2012.12.05"]
[Round "4.5"]
[White "Morin,Y"]
[Black "Lyell,M"]
[Result "1-0"]
[BlackTitle "FM"]
[WhiteElo "2201"]
[BlackElo "2226"]
[WhiteFideId "2600900"]
[BlackFideId "402354"]
[EventDate "2012.12.01"]

1. Nf3 d5 2. b4 Bg4 3. Bb2 Nd7 4. a3 Ngf6 5. d3 c6 6. Nbd2 a5 7. h3 Bxf3 8. Nxf3
e6 9. c3 Bd6 10. e3 O-O 11. Be2 Qe7 12. Nd2 Rfd8 13. O-O e5 14. e4 Nf8 15. Qc2
Ng6 16. Rfe1 d4 17. Qb3 dxc3 18. Bxc3 axb4 19. axb4 Rxa1 20. Rxa1 Nf4 21. Bf1
Bc7 22. Bb2 Ne8 23. Nc4 Qg5 24. Kh1 Rxd3 25. Ra8 Kf8 26. Qc2 Rd7 27. b5 Ne6 28.
b6 Bd8 29. Bxe5 f6 30. Bb2 Kf7 31. e5 f5 32. Bc1 Qh4 33. Qxf5+ Ke7 34. Be3 Rd1
35. Nd2 g6 36. Qc2 Qh5 37. Ra7 Qe2 38. Rxb7+ Kf8 39. Qxc6 Rxf1+ 40. Nxf1 Qxf1+
41. Kh2 N8g7 42. Qd7 Kg8 43. Qf7+ Kh8 44. Bh6 1-0

[Event "FSIM December 2012"]
[Site "Budapest HUN"]
[Date "2012.12.06"]
[Round "5.3"]
[White "Grimm,D"]
[Black "Boguszlavszkij,J"]
[Result "1/2-1/2"]
[BlackTitle "IM"]
[WhiteElo "2198"]
[BlackElo "2208"]
[WhiteFideId "740080"]
[BlackFideId "700614"]
[EventDate "2012.12.01"]

1. e4 e6 2. d4 d5 3. Nc3 dxe4 4. Nxe4 Nd7 5. Nf3 Ngf6 6. Nxf6+ Nxf6 7. Bd3 Be7
8. Qe2 b6 9. Bg5 Bb7 10. O-O-O Qd5 11. Kb1 O-O-O 12. Rhe1 h6 13. Bh4 Qa5 14. c3 1/2-1/2

[Event "FSIM December 2012"]
[Site "Budapest HUN"]
[Date "2012.12.06"]
[Round "5.5"]
[White "Kislik,E"]
[Black "Szalanczy,E"]
[Result "1-0"]
[WhiteTitle "IM"]
[BlackTitle "IM"]
[WhiteElo "2361"]
[BlackElo "2259"]
[WhiteFideId "2022702"]
[BlackFideId "700347"]
[EventDate "2012.12.01"]

1. e4 c5 2. Nf3 d6 3. d4 cxd4 4. Nxd4 Nf6 5. Nc3 g6 6. Be3 Bg7 7. f3 Nc6 8. Qd2
O-O 9. O-O-O a5 10. Kb1 a4 11. a3 Bd7 12. g4 Rc8 13. Qf2 Ne5 14. Ndb5 Nc4 15.
Bxc4 Rxc4 16. e5 Nxg4 17. fxg4 Bxg4 18. exd6 Bxd1 19. Rxd1 exd6 20. Bd4 Bxd4 21.
Nxd4 Rxc3 22. bxc3 Qb6+ 23. Ka2 Qc5 24. Qf3 Re8 25. Rb1 Qc4+ 26. Ka1 Re7 27. Rb4
Re1+ 28. Kb2 Qf1 29. Qxf1 Rxf1 30. Rxa4 h5 31. Rb4 h4 32. a4 h3 33. Rxb7 Kg7 34.
a5 d5 35. Ne6+ Kf6 36. a6 fxe6 37. a7 1-0

[Event "FSIM December 2012"]
[Site "Budapest HUN"]
[Date "2012.12.07"]
[Round "6.1"]
[White "Szeberenyi,A"]
[Black "Szalanczy,E"]
[Result "1-0"]
[WhiteTitle "IM"]
[BlackTitle "IM"]
[WhiteElo "2331"]
[BlackElo "2259"]
[WhiteFideId "710466"]
[BlackFideId "700347"]
[EventDate "2012.12.01"]

1. d4 c5 2. d5 e6 3. c4 exd5 4. cxd5 g6 5. Nc3 Bg7 6. e4 d6 7. Bd3 Nh6 8. Bf4
Ng4 9. Bb5+ Bd7 10. Bxd7+ Qxd7 11. Nf3 O-O 12. O-O Na6 13. Re1 Rae8 14. h3 Ne5
15. Nxe5 Rxe5 16. Bxe5 Bxe5 17. Qg4 Qxg4 18. hxg4 c4 19. Re2 Nc5 20. g3 g5 21.
Nd1 b5 22. Ne3 Nxe4 23. Nxc4 bxc4 24. Rxe4 Bxb2 25. Rae1 c3 26. Rc4 Kg7 27. Re7
Rb8 28. Rd7 1-0

[Event "FSIM December 2012"]
[Site "Budapest HUN"]
[Date "2012.12.07"]
[Round "6.2"]
[White "Kantor,G"]
[Black "Kislik,E"]
[Result "1/2-1/2"]
[WhiteTitle "FM"]
[BlackTitle "IM"]
[WhiteElo "2306"]
[BlackElo "2361"]
[WhiteFideId "751499"]
[BlackFideId "2022702"]
[EventDate "2012.12.01"]

1. d4 Nf6 2. c4 g6 3. Nc3 Bg7 4. e4 d6 5. Nf3 O-O 6. h3 e5 7. d5 a5 8. Bg5 Na6
9. Nd2 Nc5 10. g4 h6 11. Be3 Bd7 12. Be2 a4 13. h4 Ne8 14. h5 g5 15. f3 Nf6 16.
Qc2 c6 17. Kf2 Qa5 18. Rab1 cxd5 19. cxd5 b5 20. b4 axb3 21. axb3 Qb4 1/2-1/2

[Event "FSIM December 2012"]
[Site "Budapest HUN"]
[Date "2012.12.07"]
[Round "6.3"]
[White "Boguszlavszkij,J"]
[Black "Kahn,E"]
[Result "1/2-1/2"]
[WhiteTitle "IM"]
[BlackTitle "IM"]
[WhiteElo "2208"]
[BlackElo "2255"]
[WhiteFideId "700614"]
[BlackFideId "703257"]
[EventDate "2012.12.01"]

1. d4 d5 2. Nc3 Nf6 3. Bg5 Nbd7 4. g3 c6 5. Bg2 g6 6. Qd2 Bg7 7. Bh6 O-O 8. h4
Bxh6 9. Qxh6 Ng4 10. Qd2 h5 11. Nh3 e5 12. dxe5 Ndxe5 13. Qg5 Qxg5 14. Nxg5 f6
15. Nf3 Nxf3+ 16. Bxf3 Bf5 17. Bxg4 Bxg4 18. e3 Bf5 19. O-O-O 1/2-1/2

[Event "FSIM December 2012"]
[Site "Budapest HUN"]
[Date "2012.12.07"]
[Round "6.4"]
[White "Morin,Y"]
[Black "Grimm,D"]
[Result "1/2-1/2"]
[WhiteElo "2201"]
[BlackElo "2198"]
[WhiteFideId "2600900"]
[BlackFideId "740080"]
[EventDate "2012.12.01"]

1. e4 Nf6 2. e5 Nd5 3. Qf3 Nb6 4. Qg3 d6 5. f4 c5 6. Nf3 Nc6 7. Bb5 Bd7 8. exd6
exd6 9. O-O Qf6 10. Re1+ Be7 11. d3 O-O 12. Nc3 Rfe8 13. a3 Bf8 14. Bd2 a6 15.
Bxc6 Bxc6 16. Rab1 Nd7 17. Ne4 Qg6 18. Qh3 h5 19. Nfg5 f5 20. Ng3 Nf6 21. Qxf5
Qxf5 22. Nxf5 Rxe1+ 23. Rxe1 Re8 24. Rxe8 Bxe8 25. Nh4 Bd7 26. h3 Be7 27. Kf2
Nd5 28. Nhf3 Bf6 29. Bc1 b5 30. Ne4 Be7 31. Bd2 Nf6 32. Nxf6+ Bxf6 33. c3 Kf7
34. Be3 Bf5 35. Ke2 Ke6 36. Nh2 Kd5 37. g4 hxg4 38. hxg4 Bd7 39. Kf3 b4 40. axb4
cxb4 41. Bd2 g6 42. Ke3 bxc3 43. bxc3 Kc5 44. g5 Bd8 1/2-1/2

[Event "FSIM December 2012"]
[Site "Budapest HUN"]
[Date "2012.12.07"]
[Round "6.5"]
[White "Lyell,M"]
[Black "Hou,Qiang"]
[Result "1/2-1/2"]
[WhiteTitle "FM"]
[BlackTitle "FM"]
[WhiteElo "2226"]
[BlackElo "2345"]
[WhiteFideId "402354"]
[BlackFideId "8601224"]
[EventDate "2012.12.01"]

1. e4 e5 2. Nf3 Nf6 3. Nxe5 d6 4. Nf3 Nxe4 5. Nc3 Nxc3 6. dxc3 Be7 7. Be3 Nc6 8.
Qd2 Be6 9. O-O-O a6 10. h4 h6 11. Bd3 Qd7 12. Nd4 Ne5 13. Nxe6 Nxd3+ 14. Qxd3
Qxe6 15. Qd5 Qxd5 16. Rxd5 1/2-1/2

[Event "FSIM December 2012"]
[Site "Budapest HUN"]
[Date "2012.12.08"]
[Round "7.2"]
[White "Grimm,D"]
[Black "Lyell,M"]
[Result "1/2-1/2"]
[BlackTitle "FM"]
[WhiteElo "2198"]
[BlackElo "2226"]
[WhiteFideId "740080"]
[BlackFideId "402354"]
[EventDate "2012.12.01"]

1. e4 e5 2. Nf3 Nc6 3. Nc3 Nf6 4. Bb5 Bc5 5. O-O O-O 6. d3 Nd4 7. Ba4 d6 8. h3
c6 9. Nxd4 exd4 10. Ne2 d5 11. exd5 Nxd5 12. Nf4 Be6 13. Qf3 Qf6 14. Qg3 Bd6 15.
Nh5 Qg6 16. Qxd6 Qxh5 17. Bd2 Rad8 18. Qg3 f5 19. f4 Rde8 20. Rae1 Bf7 21. Bb3
h6 22. Qf2 c5 23. c4 dxc3 24. bxc3 b6 25. Rxe8 Rxe8 26. Re1 Rxe1+ 27. Qxe1 Nf6
28. Bd1 Qg6 29. c4 Ne8 30. Qe5 Qd6 31. Qxd6 Nxd6 32. Bc3 Nc8 33. Be5 b5 34. cxb5
Bxa2 35. Bf3 Be6 36. Bb7 Kf7 37. Kf2 g6 38. g3 Ke7 39. Ke3 Nd6 40. Ba6 Bd7 41.
d4 cxd4+ 42. Kxd4 Nxb5+ 43. Bxb5 Bxb5 44. Bg7 h5 45. Bh6 Kd6 46. h4 Kc6 47. Kc3
a6 48. Kb2 Kd5 49. Ka3 Ke4 50. Bg5 Kf3 51. Kb2 Ke4 52. Ka3 Kd3 53. Bh6 1/2-1/2

[Event "FSIM December 2012"]
[Site "Budapest HUN"]
[Date "2012.12.08"]
[Round "7.4"]
[White "Kislik,E"]
[Black "Boguszlavszkij,J"]
[Result "1-0"]
[WhiteTitle "IM"]
[BlackTitle "IM"]
[WhiteElo "2361"]
[BlackElo "2208"]
[WhiteFideId "2022702"]
[BlackFideId "700614"]
[EventDate "2012.12.01"]

1. e4 e5 2. Nf3 Nc6 3. Bb5 a6 4. Ba4 d6 5. O-O Bg4 6. h3 Bh5 7. c3 Bxf3 8. Qxf3
Qf6 9. Qe2 Ne7 10. d3 g5 11. d4 O-O-O 12. d5 Nb8 13. Qg4+ Nd7 14. Qxg5 Qxg5 15.
Bxg5 Rg8 16. Be3 f5 17. exf5 Nxf5 18. Bc1 Be7 19. Bc2 Nh4 20. g3 Nf6 21. Kh1 Nf3
22. Nd2 Ng5 23. h4 Nf7 24. Bf5+ Kb8 25. Be6 Rg7 26. Re1 Rf8 27. Ne4 Ng4 28. f3
Nf6 29. Nxf6 Bxf6 30. Kh2 Rh8 31. Bd2 Nd8 32. Bf5 Rhg8 33. Rg1 h5 34. Raf1 c6
35. Be4 c5 36. c4 b5 37. b3 bxc4 38. bxc4 Nb7 39. Bc3 Bd8 40. f4 Ba5 41. Bb2 Re7
42. fxe5 dxe5 43. Rf6 Bc7 44. Rxa6 Rg4 45. Bd3 Rxh4+ 46. gxh4 e4+ 47. Kg2 exd3
48. Re6 Rf7 49. Rd1 Nd6 50. Be5 Nxc4 51. Bxc7+ Kxc7 52. Rxd3 Kd7 53. Rf3 Rh7 54.
Ra6 Rg7+ 55. Kh3 1-0

[Event "FSIM December 2012"]
[Site "Budapest HUN"]
[Date "2012.12.08"]
[Round "7.5"]
[White "Szalanczy,E"]
[Black "Kantor,G"]
[Result "0-1"]
[WhiteTitle "IM"]
[BlackTitle "FM"]
[WhiteElo "2259"]
[BlackElo "2306"]
[WhiteFideId "700347"]
[BlackFideId "751499"]
[EventDate "2012.12.01"]

1. e4 c5 2. Nf3 d6 3. d4 cxd4 4. Nxd4 Nf6 5. Nc3 e6 6. Be3 a6 7. g4 h6 8. Qe2 b5
9. Bg2 Bb7 10. O-O-O Nbd7 11. f4 b4 12. Nd5 g6 13. Nxf6+ Nxf6 14. Nb3 Qc7 15.
Rd4 Rc8 16. Rxb4 d5 17. Rxb7 Qxb7 18. Bd4 Bg7 0-1

[Event "FSFMA December 2012"]
[Site "Budapest HUN"]
[Date "2012.12.01"]
[Round "1.2"]
[White "Kuehn,Mat"]
[Black "Juracsik,J"]
[Result "1/2-1/2"]
[WhiteElo "1958"]
[BlackElo "2145"]
[WhiteFideId "24681288"]
[BlackFideId "703982"]
[EventDate "2012.12.01"]

1. e4 c5 2. Nc3 Nc6 3. f4 g6 4. Nf3 Bg7 5. d3 d6 6. h3 h5 7. g3 e6 8. Bg2 Nh6 9.
O-O Rb8 10. Nh4 Bf6 11. f5 g5 12. fxe6 gxh4 13. exf7+ Nxf7 14. Nd5 Bg7 15. Qf3
Nce5 16. Qe2 hxg3 17. c3 Ng5 18. Bxg5 Qxg5 19. d4 cxd4 20. cxd4 Nc6 21. e5 dxe5
22. Qc4 Rf8 23. Rxf8+ Bxf8 24. Rf1 Bg7 25. Nc7+ Kd8 26. Rf7 Bd7 27. Ne6+ Bxe6
28. Qxe6 Qe3+ 29. Kh1 Qxd4 30. Bd5 Qd1+ 31. Kg2 Qd2+ 32. Kxg3 h4+ 33. Kg4 Qd4+
34. Kf3 e4+ 35. Bxe4 Ne5+ 36. Kf4 Qf2+ 37. Kg5 1/2-1/2

[Event "FSFMA December 2012"]
[Site "Budapest HUN"]
[Date "2012.12.01"]
[Round "1.3"]
[White "Mayer,I"]
[Black "Bohus,Adam"]
[Result "0-1"]
[WhiteTitle "FM"]
[WhiteElo "2058"]
[BlackElo "1819"]
[WhiteFideId "700908"]
[BlackFideId "759627"]
[EventDate "2012.12.01"]

1. e4 e5 2. Nf3 Nc6 3. Bb5 a6 4. Ba4 Nf6 5. d4 exd4 6. e5 Nd5 7. Bb3 Nce7 8.
Qxd4 c6 9. Nc3 Nxc3 10. Qxc3 h6 11. Be3 a5 12. O-O-O a4 13. e6 axb3 14. Qxb3 d5
15. exf7+ Kxf7 16. Ne5+ Kg8 17. Bb6 Qd6 18. Rhe1 Ng6 19. Bc5 Qf6 20. Nxg6 Qxg6
21. Bxf8 Kxf8 22. Rd3 Kg8 23. Rg3 Qf7 24. a3 Kh7 25. Rf3 Qg6 26. Re7 Bf5 0-1

[Event "FSFMA December 2012"]
[Site "Budapest HUN"]
[Date "2012.12.01"]
[Round "1.4"]
[White "Marcu,Simon"]
[Black "Lukacs,Albert"]
[Result "1/2-1/2"]
[WhiteElo "1909"]
[BlackElo "1858"]
[WhiteFideId "14933101"]
[BlackFideId "767190"]
[EventDate "2012.12.01"]

1. d4 f5 2. c4 Nf6 3. Nc3 e6 4. a3 b6 5. f3 Be7 6. Be3 O-O 7. Bf2 Bb7 8. e3 d6
9. Bd3 Nbd7 10. Nge2 Nh5 11. O-O Bh4 12. Bxh4 Qxh4 13. Qe1 Qg5 14. Qf2 e5 15. d5
Qe7 16. Bc2 a6 17. Rad1 Rad8 18. Rfe1 Bc8 1/2-1/2

[Event "FSFMA December 2012"]
[Site "Budapest HUN"]
[Date "2012.12.01"]
[Round "1.5"]
[White "Farkas,R"]
[Black "Grimm,G"]
[Result "1/2-1/2"]
[WhiteElo "2115"]
[BlackElo "2043"]
[WhiteFideId "703850"]
[BlackFideId "740098"]
[EventDate "2012.12.01"]

1. e4 e5 2. Nf3 Nc6 3. Bb5 a6 4. Ba4 Nf6 5. O-O b5 6. Bb3 Be7 7. Re1 O-O 8. h3
d6 9. c3 Nb8 10. d4 Nbd7 11. Nbd2 c5 12. Nf1 Qc7 13. Ng3 g6 14. a4 Bb7 15. d5 c4
16. Bc2 Nc5 17. Bg5 Rfb8 18. axb5 axb5 19. Qd2 Rxa1 20. Rxa1 Ra8 21. Qc1 Qb8 22.
Nd2 Rxa1 23. Qxa1 Qa8 24. Qxa8+ Bxa8 25. b4 Na6 26. Nf3 Kf8 27. Kf1 Ng8 28.
Bxe7+ Nxe7 29. Bd1 Bb7 30. Nh2 Bc8 31. Bg4 Bxg4 32. Nxg4 Kg7 33. Ne2 Nc7 34. f4
f6 35. Ne3 h5 36. g4 hxg4 37. hxg4 1/2-1/2

[Event "FSFMA December 2012"]
[Site "Budapest HUN"]
[Date "2012.12.03"]
[Round "2.2"]
[White "Lukacs,Albert"]
[Black "Farkas,R"]
[Result "0-1"]
[WhiteElo "1858"]
[BlackElo "2115"]
[WhiteFideId "767190"]
[BlackFideId "703850"]
[EventDate "2012.12.01"]

1. e4 e6 2. d4 d5 3. exd5 exd5 4. Bd3 c5 5. c3 Nc6 6. Ne2 Nf6 7. Bg5 h6 8. Be3
c4 9. Bc2 Bd6 10. Nd2 O-O 11. h3 b5 12. Nf3 Qe7 13. O-O Ne4 14. Ne5 Bb7 15. Bxe4
dxe4 16. Nxc6 Bxc6 17. Qd2 f5 18. Bf4 g5 19. Bxd6 Qxd6 20. d5 Bd7 21. f4 exf3
22. Rxf3 Rae8 23. h4 f4 24. hxg5 hxg5 25. Nd4 Qxd5 26. Rf2 Re3 27. Qc2 Rf6 28.
Rd1 Qc5 29. Qd2 Bg4 30. Rdf1 Qe5 31. a4 bxa4 32. Ra1 a5 33. Nf3 Bxf3 34. gxf3
Rd6 35. Qc2 Rh6 36. Raf1 g4 37. fxg4 Rg3+ 38. Rg2 Qe3+ 0-1

[Event "FSFMA December 2012"]
[Site "Budapest HUN"]
[Date "2012.12.03"]
[Round "2.3"]
[White "Bohus,Adam"]
[Black "Marcu,Simon"]
[Result "1/2-1/2"]
[WhiteElo "1819"]
[BlackElo "1909"]
[WhiteFideId "759627"]
[BlackFideId "14933101"]
[EventDate "2012.12.01"]

1. d4 d5 2. Nf3 e6 3. c4 c6 4. e3 Bd6 5. b3 Ne7 6. Bb2 Ng6 7. Bd3 O-O 8. O-O Nd7
9. Nbd2 f5 10. cxd5 exd5 11. Qc2 Qf6 12. a3 Ne7 13. b4 a6 14. Qb3 Kh8 15. a4 g5
16. Rfc1 g4 17. Ne1 Qh6 18. g3 Nf6 19. b5 Bd7 20. Ba3 Ne4 21. Nf1 Qf6 22. Bxd6
Qxd6 23. bxa6 bxa6 24. Qc2 Rfb8 25. a5 Bc8 26. Be2 Rb4 27. Rcb1 Rab8 28. Rxb4
Qxb4 29. Nd3 Qb3 30. Qc1 Kg7 31. Nc5 Qb2 32. Qxb2 Rxb2 33. Bxa6 Nxc5 34. Bxc8
Nb3 35. Ra4 Nxc8 36. a6 Na7 37. Rb4 Nb5 38. a7 Nxa7 39. Rb7+ Kg6 40. Rxa7 Rb1
41. Kg2 Rb2 42. Rb7 Kg5 43. Rb6 h6 44. Rxc6 Re2 45. Rc3 Na1 46. Rc5 Nc2 47. Kg1
Ne1 48. Rxd5 Nf3+ 49. Kg2 Ne1+ 50. Kg1 1/2-1/2

[Event "FSFMA December 2012"]
[Site "Budapest HUN"]
[Date "2012.12.03"]
[Round "2.4"]
[White "Juracsik,J"]
[Black "Mayer,I"]
[Result "1-0"]
[BlackTitle "FM"]
[WhiteElo "2145"]
[BlackElo "2058"]
[WhiteFideId "703982"]
[BlackFideId "700908"]
[EventDate "2012.12.01"]

1. e4 e6 2. d4 d5 3. Nc3 Nf6 4. e5 Nfd7 5. f4 c5 6. Nf3 Nc6 7. Be3 cxd4 8. Nxd4
g5 9. Nxe6 fxe6 10. Qh5+ Ke7 11. f5 Bg7 12. Bxg5+ Nf6 13. exf6+ Bxf6 14. Bxf6+
Kxf6 15. Qh6+ Kf7 16. Be2 exf5 17. Bh5+ Kg8 18. O-O-O Qf8 19. Qf4 Ne7 20. Rhe1
Ng6 21. Qg5 Qf7 22. Nxd5 Kg7 23. Re7 1-0

[Event "FSFMA December 2012"]
[Site "Budapest HUN"]
[Date "2012.12.03"]
[Round "2.5"]
[White "Montolio Benedicto,C"]
[Black "Kuehn,Mat"]
[Result "1/2-1/2"]
[WhiteElo "1962"]
[BlackElo "1958"]
[WhiteFideId "2205939"]
[BlackFideId "24681288"]
[EventDate "2012.12.01"]

1. e4 g6 2. d4 Bg7 3. c4 d6 4. Nc3 Nc6 5. Be3 e5 6. d5 Nce7 7. g4 f5 8. gxf5
gxf5 9. Qh5+ Kf8 10. exf5 Nf6 11. Qd1 Nxf5 12. Bh3 Nxe3 13. fxe3 h5 14. Bxc8
Rxc8 15. Qf3 Ke8 16. Nh3 Ng4 17. O-O Qf6 18. Ne4 Qg6 19. Nhg5 Rf8 20. Qg3 Ke7
21. h3 Nh6 22. h4 Rxf1+ 23. Rxf1 Rf8 24. Rxf8 Bxf8 25. Qf3 1/2-1/2

[Event "FSFMA December 2012"]
[Site "Budapest HUN"]
[Date "2012.12.04"]
[Round "3.2"]
[White "Mayer,I"]
[Black "Montolio Benedicto,C"]
[Result "1-0"]
[WhiteTitle "FM"]
[WhiteElo "2058"]
[BlackElo "1962"]
[WhiteFideId "700908"]
[BlackFideId "2205939"]
[EventDate "2012.12.01"]

1. e4 e5 2. Nf3 Nc6 3. Bb5 a6 4. Ba4 Nf6 5. d3 d6 6. c3 Be7 7. Nbd2 O-O 8. Nf1
b5 9. Bb3 Na5 10. Bc2 c5 11. Ne3 g6 12. O-O Nc6 13. a4 Bb7 14. Bb3 Na5 15. Ba2
c4 16. dxc4 Nxc4 17. Nxc4 bxc4 18. Bxc4 Nxe4 19. Bh6 Nc5 20. Bxf8 Bxf8 21. Bd5
Bxd5 22. Qxd5 Rb8 23. Nd2 Rxb2 24. Nc4 Rc2 25. Nxe5 Rxc3 26. Nxf7 Kg7 27. Nxd8 1-0

[Event "FSFMA December 2012"]
[Site "Budapest HUN"]
[Date "2012.12.04"]
[Round "3.3"]
[White "Marcu,Simon"]
[Black "Juracsik,J"]
[Result "0-1"]
[WhiteElo "1909"]
[BlackElo "2145"]
[WhiteFideId "14933101"]
[BlackFideId "703982"]
[EventDate "2012.12.01"]

1. d4 Nf6 2. c4 g6 3. Nc3 Bg7 4. e4 d6 5. f3 O-O 6. Bd3 e5 7. d5 Nh5 8. Nge2 f5
9. O-O f4 10. Bd2 g5 11. h3 Nf6 12. Qe1 c6 13. Kh2 h5 14. Ng1 Nbd7 15. Rb1 Nc5
16. Bc2 a5 17. b4 axb4 18. Rxb4 g4 19. Rb1 Bh6 20. Qe2 g3+ 21. Kh1 Nh7 22. Rfc1
Qh4 23. Qf1 Ng5 24. Be1 Rf7 25. Bd1 Bd7 26. Be2 Kh7 27. Rb2 Rg8 28. Rcc2 Rfg7
29. Bd1 Kh8 30. Rd2 cxd5 31. Nxd5 Nf7 32. Nb6 Bc6 33. Nd5 Bg5 34. Nb4 Bd7 35.
Nd3 Nxd3 36. Rxd3 Bc6 37. Bc3 Kh7 38. Rbd2 Bd8 39. Rb2 Bc7 40. Rdd2 Rg6 41. Bb3
R8g7 42. Bd1 Ng5 43. Re2 Ne6 44. Red2 Rg8 45. Bb4 Ng5 46. c5 dxc5 47. Bxc5 Ba5
48. Re2 Ne6 49. Bb4 Bb6 50. Be7 Qxe7 51. Rxb6 Rd8 52. Reb2 Nc5 53. Bc2 Rgd6 54.
Qc4 Rd4 55. Qc3 Qd6 56. R6b4 Rxb4 57. Rxb4 Kg7 58. Rc4 Ne6 59. a4 Nd4 60. a5 Rd7
61. Rc5 Kf6 62. Bb1 Ne6 63. Rc4 Bb5 64. Rb4 0-1

[Event "FSFMA December 2012"]
[Site "Budapest HUN"]
[Date "2012.12.04"]
[Round "3.4"]
[White "Farkas,R"]
[Black "Bohus,Adam"]
[Result "1/2-1/2"]
[WhiteElo "2115"]
[BlackElo "1819"]
[WhiteFideId "703850"]
[BlackFideId "759627"]
[EventDate "2012.12.01"]

1. e4 e5 2. Nf3 Nc6 3. Bb5 a6 4. Bxc6 dxc6 5. O-O Bg4 6. h3 Bh5 7. g4 Bg6 8.
Nxe5 Qh4 9. Qf3 f6 10. Nxg6 hxg6 11. Kg2 g5 12. d4 Ne7 13. Nc3 O-O-O 14. Be3 Ng6
15. Rh1 Qh7 16. Qf5+ Kb8 17. Kf1 Bd6 18. Ne2 Rde8 19. Ng1 Bf4 20. Bxf4 Nxf4 21.
Qxh7 Rxh7 22. Re1 Reh8 23. f3 Kc8 24. Kf2 Nxh3+ 25. Nxh3 Rxh3 26. Rxh3 Rxh3 27.
Kg2 Rh8 28. Rh1 Rd8 29. c3 c5 30. d5 Kd7 31. Rh7 Rg8 32. Kg3 Ke7 33. f4 gxf4+
34. Kxf4 Kf7 35. Rh1 Re8 36. c4 b6 37. a3 a5 38. Rd1 Ke7 39. g5 Rh8 40. gxf6+
gxf6 41. Rd3 Rh4+ 42. Kf5 Rh5+ 43. Kf4 Rh4+ 44. Kf5 Rh5+ 45. Kf4 Rh4+ 1/2-1/2

[Event "FSFMA December 2012"]
[Site "Budapest HUN"]
[Date "2012.12.04"]
[Round "3.5"]
[White "Grimm,G"]
[Black "Lukacs,Albert"]
[Result "1/2-1/2"]
[WhiteElo "2043"]
[BlackElo "1858"]
[WhiteFideId "740098"]
[BlackFideId "767190"]
[EventDate "2012.12.01"]

1. e4 e6 2. d4 d5 3. Nc3 dxe4 4. Nxe4 Nd7 5. Nf3 Ngf6 6. Nxf6+ Nxf6 7. Bg5 Be7
8. Bd3 O-O 9. O-O c5 10. dxc5 Bxc5 11. Qe2 Be7 12. Rfd1 Qc7 13. c4 b6 14. Ne5
Rb8 15. Rac1 Re8 16. Bc2 Nd7 17. Bxe7 Rxe7 18. Ba4 Nxe5 19. Qxe5 Ba6 20. Qd4 g6
21. Rc3 e5 22. Qd6 Rc8 23. c5 Kg7 24. Bd7 Qxd6 25. Rxd6 Rxc5 26. Rxc5 bxc5 27.
g3 Be2 28. Rd2 Bf3 29. Bh3 g5 30. Bg2 e4 31. Rd5 g4 32. h3 gxh3 33. Bxf3 exf3
34. Rxc5 Re2 35. Rb5 h2+ 36. Kxh2 Rxf2+ 37. Kg1 Rg2+ 38. Kf1 Rxg3 39. Kf2 Rg6
40. Ra5 Rg2+ 41. Kxf3 Rxb2 42. Rxa7 1/2-1/2